|
|
|
|
| LEADER |
01384nam a2200265 i 4500 |
| 001 |
GR-MES1420 |
| 003 |
GR-PaULI |
| 005 |
20250224131649.0 |
| 008 |
991111s1973 gr g 000 0 gre d |
| 040 |
|
|
|a GrPaTEI
|b gre
|c GR-PaULI
|e AACR2
|
| 041 |
1 |
|
|a gre
|h fre
|
| 082 |
0 |
4 |
|a 658
|2 23
|
| 245 |
0 |
0 |
|a Τι είναι το μάνατζμεντ /
|c υπό Jacques Klein ... [και. ά.].
|
| 260 |
|
|
|a Αθήναι :
|b Πάμισος,
|c 1973.
|
| 300 |
|
|
|a 140 σ. ;
|c 21 εκ.
|
| 490 |
1 |
|
|a Εγκυκλοπαίδεια της επιχειρήσεως / Πάμισος ;
|v 20
|
| 650 |
|
4 |
|a Διοίκηση και οργάνωση
|9 53
|
| 700 |
1 |
|
|a Klein, Jacques
|9 208418
|e συγγραφέας.
|
| 700 |
1 |
|
|a Σαπουτζάκης, Γεώργιος
|9 208420
|e μεταφραστής.
|
| 830 |
|
0 |
|a Εγκυκλοπαίδεια της επιχειρήσεως (Πάμισος)
|v 20.
|9 164979
|
| 942 |
|
|
|2 ddc
|c BK
|
| 952 |
|
|
|0 0
|1 0
|2 ddc
|4 0
|6 658_000000000000000_ΤΙΕ
|7 0
|9 265611
|a MSLG
|b MSLG
|c BSC
|d 2021-01-17
|e 24
|f 0
|g 0.00
|i 2410
|l 0
|o 658 ΤΙΕ
|p 2420000002410
|r 2021-01-17 00:00:00
|t 1
|w 2021-01-17
|y BK15
|x 19991111 0 1
|x GrPaTEI
|
| 952 |
|
|
|0 0
|1 0
|2 ddc
|4 0
|6 658_000000000000000_ΤΙΕ
|7 0
|9 265612
|a MSLG
|b MSLG
|c BSC
|d 2021-01-17
|e 24
|f 0
|g 0.00
|i 2411
|l 0
|o 658 ΤΙΕ
|p 2420000002411
|r 2021-01-17 00:00:00
|t 2
|w 2021-01-17
|y BK15
|x 19991111 0 1
|x GrPaTEI
|
| 998 |
|
|
|c ΑΔΑΜΟΠΟΥΛΟΥ
|d 2025-02
|
| 999 |
|
|
|c 152673
|d 152673
|